Astronomy and planetary science (Record no. 84446)

MARC details
000 -LEADER
fixed length control field 01761nam a2200289 a 4500
008 - FIXED-LENGTH DATA ELEMENTS--GENERAL INFORMATION
fixed length control field 120416s1994 ||||||||||||||||| || u
020 ## - INTERNATIONAL STANDARD BOOK NUMBER
International Standard Book Number 0749251255
050 ## - LIBRARY OF CONGRESS CALL NUMBER
Classification number QB 147 Ope
245 10 - TITLE STATEMENT
Title Astronomy and planetary science
246 ## -
-- books 1, 2, 3, & 4
260 ## - PUBLICATION, DISTRIBUTION, ETC.
Place of publication, distribution, etc. London
Name of publisher, distributor, etc. Open University Press
Date of publication, distribution, etc. 1994
300 ## - PHYSICAL DESCRIPTION
Extent 6vols. : ill.
350 ## -
-- 0.00
650 ## - SUBJECT ADDED ENTRY--TOPICAL TERM
Topical term or geographic name entry element Galaxies
650 ## - SUBJECT ADDED ENTRY--TOPICAL TERM
Topical term or geographic name entry element PLANETS
650 ## - SUBJECT ADDED ENTRY--TOPICAL TERM
Topical term or geographic name entry element TEXTBOOKS
650 ## - SUBJECT ADDED ENTRY--TOPICAL TERM
Topical term or geographic name entry element STARS
650 ## - SUBJECT ADDED ENTRY--TOPICAL TERM
Topical term or geographic name entry element COSMOLOGY
995 ## -
-- ANNEX COLLECTION (Main Library)
-- 0.00
-- 48791
-- CBU-MAIN LIBRARY (Kitwe)
-- 6
-- 17.50
-- QB 147 Ope
-- 6
-- AVAILABLE
-- 48791
-- Annex Low-Usage Collection
995 ## -
-- ANNEX COLLECTION (Main Library)
-- 0.00
-- 735669
-- CBU-MAIN LIBRARY (Kitwe)
-- 7
-- 17.50
-- QB 147 Ope
-- 7
-- AVAILABLE
-- 48792
-- Annex Low-Usage Collection
995 ## -
-- ANNEX COLLECTION (Main Library)
-- 0.00
-- 735761
-- CBU-MAIN LIBRARY (Kitwe)
-- 8
-- 17.50
-- QB 147 Ope
-- AVAILABLE
-- Nov 2, 2006
-- 48600
-- Annex Low-Usage Collection
995 ## -
-- ANNEX COLLECTION (Main Library)
-- 0.00
-- 735758
-- CBU-MAIN LIBRARY (Kitwe)
-- 5
-- 17.50
-- QB 147 Ope
-- 5
-- AVAILABLE
-- 48628
-- Annex Low-Usage Collection
995 ## -
-- ANNEX COLLECTION (Main Library)
-- 0.00
-- 735760
-- CBU-MAIN LIBRARY (Kitwe)
-- 4
-- 17.50
-- QB 147 Ope
-- 4
-- AVAILABLE
-- 48598
-- Annex Low-Usage Collection
995 ## -
-- ANNEX COLLECTION (Main Library)
-- 0.00
-- 735763
-- CBU-MAIN LIBRARY (Kitwe)
-- 1
-- 17.50
-- QB 147 Ope
-- 1
-- AVAILABLE
-- 48627
-- Annex Low-Usage Collection
995 ## -
-- MAIN LIBRARY OPEN ACCESS
-- 0.00
-- 735762
-- CBU-MAIN LIBRARY (Kitwe)
-- 2
-- 17.50
-- QB 147 Ope
-- 2
-- AVAILABLE
-- 48599
-- Main Library Open Access Collection
995 ## -
-- ANNEX COLLECTION (Main Library)
-- 0.00
-- 735759
-- CBU-MAIN LIBRARY (Kitwe)
-- 3
-- 17.50
-- QB 147 Ope
-- 3
-- AVAILABLE
-- 48597
-- Annex Low-Usage Collection
999 ## -
-- 84446
-- 84446
Holdings
Withdrawn status Lost status Source of classification or shelving scheme Damaged status Not for loan Permanent Location Current Location Date acquired Full call number Barcode Date last seen Copy number Price effective from Koha item type Shelving location Total Checkouts
Withdrawn         CBU-MAIN LIBRARY, KITWE. CBU-MAIN LIBRARY, KITWE. 01/25/2024 QB 147 Ope 48791 01/25/2024 1 01/25/2024 MONOGRAPH    
Withdrawn         CBU-MAIN LIBRARY, KITWE. CBU-MAIN LIBRARY, KITWE. 01/25/2024 QB 147 Ope 48792 01/25/2024 2 01/25/2024 MONOGRAPH    
          CBU-MAIN LIBRARY, KITWE. CBU-MAIN LIBRARY, KITWE. 01/25/2024 QB 147 Ope 48600 01/25/2024 3 01/25/2024 MONOGRAPH    
          CBU-MAIN LIBRARY, KITWE. CBU-MAIN LIBRARY, KITWE. 01/25/2024 QB 147 Ope 48628 01/25/2024 4 01/25/2024 MONOGRAPH    
          CBU-MAIN LIBRARY, KITWE. CBU-MAIN LIBRARY, KITWE. 01/25/2024 QB 147 Ope 48598 01/25/2024 5 01/25/2024 MONOGRAPH    
          CBU-MAIN LIBRARY, KITWE. CBU-MAIN LIBRARY, KITWE. 01/25/2024 QB 147 Ope 48627 01/25/2024 6 01/25/2024 MONOGRAPH    
          CBU-MAIN LIBRARY, KITWE. CBU-MAIN LIBRARY, KITWE. 01/25/2024 QB 147 Ope 48599 01/25/2024 7 01/25/2024 MONOGRAPH    
          CBU-MAIN LIBRARY, KITWE. CBU-MAIN LIBRARY, KITWE. 01/25/2024 QB 147 Ope 48597 01/25/2024 8 01/25/2024 MONOGRAPH